000 00929nam a2200277Ia 4500
001 Para_7916
003 CHAP
008 220125s9999 xx 000 0 und d
010 _a206596
040 _cCHAP
082 _aPA-C 595.75 H4
100 _aHungerford, H. B.
_956910
245 _aConcerning some aquatic and semioquatic hemiptera from Australia /
_c by H.B. Hungerford
300 _a6 p.
440 _aHemiptera; 8
_9172879
500 _aSobretiro de: Bulletin of the Brooklyn Entomological Society 29 (2): 68-73, 1934. Encuadernado con otros impresos similares
650 _a
_x Hemípteros
_x colecciones de escritos
_xHemípteros
_9172893
710 _aBulletin of the Brooklyn Entomological Society 29 (2)
_9172894
901 _aPA-C 595.75 H4
902 _aA
905 _a000000 0000000000 00
910 _a
942 _cPARA
942 _cPARA
_d1
999 _c206596
_d206596